| 000 | 00367nam a2200145Ia 4500 | ||
|---|---|---|---|
| 008 | 210210b1971 xxu||||| |||| 00| 0 eng d | ||
| 082 | _a541.37 MATE | ||
| 100 | _aMATHEWSON (D J). | ||
| 245 | _aElectrochemistry. | ||
| 260 |
_aLondon _bMacmillan Education _c1971 |
||
| 300 | _aviii,72 | ||
| 650 | _aElectrochemistry | ||
| 690 | _aPhysical Chemistry | ||
| 906 | _a031582 | ||
| 999 |
_c82537 _d82537 |
||